| 000 | 00877nam a22002897a 4500 | ||
|---|---|---|---|
| 003 | CHAP | ||
| 005 | 20220329134357.0 | ||
| 008 | 971013s1939 r 00010 d | ||
| 010 | _a19619 | ||
| 011 | _a20591 | ||
| 035 | _a24679 | ||
| 040 | _cCHAP | ||
| 082 |
_a581.6 _bA5 |
||
| 100 | 0 | 0 |
_aAmes, Oakes. _95322 |
| 245 | _aEconomic annuals and human culture | ||
| 260 |
_aCambridge, Mass., : _bBotanical Museum of Harvard University, _c1939 |
||
| 300 |
_a153 p. _b: ilus |
||
| 590 |
_aBATCH-UPD _b10 _c20130110 _lUCH01 _h1841 |
||
| 590 |
_aBATCH-UPD _b10 _c20130410 _lUCH01 _h1211 |
||
| 590 |
_aBATCH-UPD _b10 _c20130914 _lUCH01 _h0729 |
||
| 590 |
_aCONVERSION _b10 _c20130109 _lUCH01 _h1312 |
||
| 650 | 1 | 4 |
_aBotánica económica. _914655 |
| 650 | 1 | 4 |
_aBotánica _xHistoria. _914552 |
| 901 | _aBK | ||
| 942 | _cLIBRO | ||
| 949 |
_a581.6 A5 _bBC _cBPP _d-56849 _eBPP _h43007 _i24679 _mD _si |
||
| 999 |
_c19619 _d19619 |
||